[Event "Wch U14 Girls"]
[Site "Montesilvano"]
[Date "2023.11.22"]
[Round "9"]
[White "Viti, Greta"]
[Black "Hong, Jueun"]
[Result "1-0"]
[WhiteElo "1644"]
[BlackElo "1299"]
[PlyCount "141"]
[EventDate "2023.11.13"]
[EventType "swiss"]
[EventRounds "11"]
[EventCountry "ITA"]
[SourceTitle "CB48_2023"]
[SourceDate "2023.11.29"]
[SourceVersion "1"]
[SourceVersionDate "2023.11.29"]
[SourceQuality "1"]

1. e4 c5 2. Nf3 d6 3. d4 cxd4 4. Qxd4 a6 5. h3 Nc6 6. Qe3 g6 7. c4 Bg7 8. Be2 Nf6 9. Nc3 0-0 10. 0-0 Nd7 11. Rb1 a5 12. b3 Nc5 13. Bb2 a4 14. Nd5 e6 15. Bxg7 Kxg7 16. Nf4 axb3 17. axb3 Ra3 18. e5 Na5 19. Nd2 Qc7 20. Qc3 dxe5 21. Qb2 Naxb3 22. Nf3 Ra7 23. Nxe5 Kg8 24. Rbd1 Na4 25. Qxb3 Qxe5 26. Qf3 Nc3 27. Rd2 Nxe2+ 28. Rxe2 Qc5 29. Rc1 Ra3 30. Qe4 b5 31. Rec2 b4 32. Nd3 Qb6 33. c5 Qb5 34. Nxb4 Ra4 35. Rc4 e5 36. Nd5 Qxc5 37. Rxc5 Rxe4 38. Rxc8 Rxc8 39. Rxc8+ Kg7 40. Ne3 f5 41. Rc4 Rxc4 42. Nxc4 Kf6 43. Kf1 e4 44. Ke2 Ke6 45. Ke3 Kd5 46. Nd2 g5 47. g3 Ke5 48. Nc4+ Kd5 49. Na3 Ke5 50. Ke2 f4 51. g4 Kd4 52. Nb5+ Ke5 53. Nc7 Kd6 54. Ne8+ Ke7 55. Ng7 Kf7 56. Nh5 Ke6 57. Kd2 Ke5 58. Kc3 f3 59. Kd2 Ke6 60. Ke3 Ke5 61. Ng3 Kf6 62. Kxe4 Ke6 63. Nf5 Kf6 64. Kxf3 h5 65. Ke4 hxg4 66. hxg4 Kg6 67. Ke5 Kf7 68. Nd6+ Kg6 69. Ke6 Kg7 70. Kf5 Kh6 71. Nf7+ 1-0

[Event "ITA-ch U20"]
[Site "Tarvisio"]
[Date "2023.07.07"]
[Round "7"]
[White "Viti, Greta"]
[Black "Buccio, Maddalena"]
[Result "1-0"]
[WhiteElo "1575"]
[BlackElo "1209"]
[PlyCount "49"]
[EventDate "2023.07.02"]
[EventType "swiss"]
[EventRounds "9"]
[EventCountry "ITA"]
[SourceTitle "EXT 2024"]
[Source "ChessBase"]
[SourceDate "2023.10.10"]
[SourceVersion "1"]
[SourceVersionDate "2023.10.10"]
[SourceQuality "1"]

1. e4 e6 2. d4 d5 3. Nc3 Nf6 4. exd5 exd5 5. Bg5 c6 6. Qd2 h6 7. Bf4 Bf5 8. 0-0-0 Bb4 9. f3 Qa5 10. Nge2 Nbd7 11. g4 Be6 12. Kb1 0-0-0 13. a3 Be7 14. Nc1 Rde8 15. Bd3 Qb6 16. Nb3 Qd8 17. Nb5 Nb6 18. Nxa7+ Kd7 19. Qa5 Nc4 20. Nc5+ Bxc5 21. Qxc5 Qe7 22. Bxc4 dxc4 23. Qb6 Nd5 24. Qxb7+ Kd8 25. Nxc6# 1-0

[Event "ITA-ch U20"]
[Site "Tarvisio"]
[Date "2023.07.04"]
[Round "3"]
[White "Parisi, Ludovica"]
[Black "Viti, Greta"]
[Result "0-1"]
[WhiteElo "1305"]
[BlackElo "1575"]
[PlyCount "76"]
[EventDate "2023.07.02"]
[EventType "swiss"]
[EventRounds "9"]
[EventCountry "ITA"]
[SourceTitle "EXT 2024"]
[Source "ChessBase"]
[SourceDate "2023.10.10"]
[SourceVersion "1"]
[SourceVersionDate "2023.10.10"]
[SourceQuality "1"]

1. c4 c6 2. Nc3 d5 3. cxd5 cxd5 4. Nf3 Nc6 5. g3 e5 6. Bg2 Nf6 7. d3 Be7 8. 0-0 h6 9. Bd2 0-0 10. Rc1 Be6 11. a3 a5 12. Na4 Nd7 13. e3 d4 14. Ne1 Rc8 15. Bxc6 bxc6 16. Nf3 c5 17. Re1 Rb8 18. b4 axb4 19. axb4 cxb4 20. exd4 b3 21. Bc3 Bb4 22. Rb1 Qa5 23. Bxb4 Qxb4 24. Nb2 exd4 25. Re4 Qc3 26. Nxd4 Bd5 27. Re7 Nf6 28. Ne2 Qc5 29. Re5 Qc2 30. Nf4 Bf3 31. Qc1 Ng4 32. Qxc2 bxc2 33. Rc1 Nxe5 34. Rxc2 Rfc8 35. Rxc8+ Rxc8 36. h4 Rc1+ 37. Nd1 Rxd1+ 38. Kh2 Rh1# 0-1